La Liga players 2023/24 - Statistics

General Stats
  • This quiz has been taken 2 times
  • The average score is 235 of 598
Answer Stats
Rank Player Positions Nationality Matches Goals Assists Clubs % Correct
10 Chris Ramos MF, FW 37 5 1
100%
200 Dani Carvajal DF 28 4 3
100%
1 David Soria GK 38 0 0
100%
2 Jan Oblak GK 38 0 0
100%
216 Sergio Ramos DF 28 3 0
100%
527 Aarón Escandell GK 2 0 0
50%
197 Abde Ezzalzouli MF, FW 28 1 0
50%
218 Abdel Abqar DF 27 0 0
50%
274 Abderrahman Rebbach MF, FW 23 1 0
50%
65 Abdón Prats MF, FW 34 6 1
50%
311 Abdul Mumin DF 20 1 0
50%
275 Abner DF 23 0 1
50%
421 Adrià Altimira DF, MF 11 0 0
50%
409 Adu Ares MF, FW 12 0 0
50%
301 Aihen Muñoz DF 21 0 2
50%
89 Aimar Oroz MF, FW 33 2 1
50%
356 Aïssa Mandi DF 16 1 0
50%
463 Aitor Fernández GK 7 0 0
50%
66 Aitor Paredes DF 34 1 0
50%
335 Aitor Ruibal DF, MF, FW 18 2 1
50%
357 Alberto Marí MF, FW 16 1 1
50%
198 Alberto Moleiro MF, FW 28 3 3
50%
219 Alberto Moreno DF, MF 27 2 2
50%
6 Aleix García MF 37 3 6
50%
336 Alejandro Balde DF 18 0 1
50%
422 Aleksandar Sedlar DF, MF 11 1 0
50%
68 Alexander Sørloth DF, FW 34 23 6
50%
67 Alex Baena MF, FW 34 2 14
50%
46 Álex Berenguer DF, MF, FW 35 7 3
50%
382 Álex Centelles DF 14 0 1
50%
236 Álex Fernández DF, MF, FW 26 0 1
50%
7 Álex Remiro GK 37 0 0
50%
133 Alex Sola DF, MF, FW 31 0 3
50%
112 Álex Suárez DF 32 2 0
50%
134 Alfonso Espino DF 31 0 1
50%
321 Alfonso Pedraza DF, MF, FW 19 1 3
50%
401 Álvaro Carreras MF, FW 13 0 0
50%
113 Álvaro García MF, FW 32 6 1
50%
114 Álvaro Morata FW 32 15 3
50%
464 Álvaro Negredo FW 7 0 0
50%
445 Álvaro Odriozola DF 9 0 0
50%
555 Álvaro Rodríguez FW 1 0 0
50%
8 Álvaro Vallés GK 37 0 0
50%
367 Amath MF, FW 15 0 0
50%
115 Anastasios Douvikas FW 32 7 1
50%
174 Ander Barrenetxea DF, MF, FW 29 4 1
50%
9 Ander Guevara MF 37 1 0
50%
276 Ander Herrera MF 23 0 3
50%
28 Andoni Gorosabel DF 36 1 0
50%
156 Andreas Christensen DF, MF 30 2 2
50%
368 André Ferreira GK 15 0 0
50%
410 Andrei Ratiu DF, MF, FW 12 0 0
50%
411 Andrés Guardado DF, MF, FW 12 0 0
50%
322 André Silva FW 19 3 0
50%
303 Andriy Lunin GK 21 0 0
50%
116 Ángel Correa MF, FW 32 9 2
50%
90 Ante Budimir FW 33 17 2
50%
323 Anthony Lozano MF, FW 19 3 0
50%
91 Antoine Griezmann MF, FW 33 16 6
50%
92 Antonio Blanco MF 33 0 1
50%
237 Antonio Raillo DF 26 3 2
50%
93 Antonio Rüdiger DF 33 1 0
50%
175 Antonio Sánchez DF, MF, FW 29 3 1
50%
69 Antonio Sivera GK 34 0 0
50%
434 Arda Güler MF, FW 10 6 0
50%
324 Aridane Hernández DF 19 0 0
50%
304 Arnau Martinez DF 21 0 2
50%
176 Arsen Zakharyan MF, FW 29 1 2
50%
29 Artem Dovbyk FW 36 24 8
50%
484 Arthur Vermeeren MF 5 0 0
50%
338 Assane Diao FW 18 2 0
50%
343 Augusto Batalla GK 17 0 0
50%
221 Aurélien Tchouaméni DF, MF 27 3 1
50%
47 Axel Witsel DF, MF 35 2 0
50%
135 Ayoze Pérez MF, FW 31 9 1
50%
325 Bebé MF, FW 19 2 0
50%
238 Beñat Prados DF, MF 26 0 0
50%
177 Beñat Turrientes MF, FW 29 0 1
50%
383 Ben Brereton MF, FW 14 0 0
50%
312 Benito Ramírez DF, MF, FW 20 1 1
50%
424 Bertrand Traoré MF, FW 11 1 0
50%
425 Borja Iglesias FW 11 0 1
50%
222 Borja Mayoral FW 27 15 1
50%
558 Borja Vázquez FW 1 0 0
50%
199 Boubakary Soumaré MF 28 0 1
50%
136 Brahim Díaz MF, FW 31 8 6
50%
117 Brais Méndez MF, FW 32 5 6
50%
402 Brian Ocampo MF, FW 13 1 0
50%
426 Bruno Langa DF 11 1 0
50%
344 Bruno Méndez DF 17 2 0
50%
305 Bryan Zaragoza MF, FW 21 6 2
50%
477 Çağlar Söyüncü DF 6 0 0
50%
178 Carles Aleñá MF, FW 29 1 1
50%
358 Carles Pérez DF, MF, FW 16 1 1
50%
179 Carlos Benavídez MF 29 3 1
50%
291 Carlos Dominguez DF 22 0 0
50%
435 Carlos Fernández MF, FW 10 2 1
50%
30 Carlos Neva DF 36 0 2
50%
465 Carlos Romero DF 7 0 0
50%
339 Carlos Vicente FW 18 2 4
50%
223 Carl Starfelt DF 27 1 0
50%
157 Carmona DF, MF 30 1 1
50%
158 Catena DF 30 1 3
50%
496 Cédric Bakambu FW 4 0 0
50%
277 Cenk Özkacar DF 23 0 0
50%
253 César Azpilicueta DF, MF 25 0 2
50%
306 César Montes DF 21 0 0
50%
561 César Tárrega DF 1 0 0
50%
239 Chadi Riad DF 26 0 0
50%
137 Chumi DF 31 0 1
50%
466 Claudio Bravo GK 7 0 0
50%
326 Copete DF 19 1 1
50%
370 Crespo MF 15 0 0
50%
31 Cristhian Mosquera DF 36 0 0
50%
138 Cristhian Stuani MF, FW 31 9 3
50%
455 Cristian Herrera MF, FW 8 1 0
50%
48 Cyle Larin FW 35 3 2
50%
70 Daley Blind DF, MF 34 1 2
50%
436 Daley Sinkgraven DF, MF 10 0 0
50%
485 Damián Rodríguez MF 5 0 2
50%
359 Damián Suárez DF, MF 16 0 2
50%
313 Dani Ceballos MF, FW 20 0 2
50%
94 Daniel Parejo MF 33 3 5
50%
95 Daniel Vivian DF 33 0 0
50%
346 Dani García MF 17 1 0
50%
32 Dani Rodríguez MF, FW 36 2 4
50%
530 Darko Brašanac MF, FW 2 0 0
50%
307 Darwin Machís MF, FW 21 4 0
50%
384 David Alaba DF, MF 14 0 1
50%
224 David García DF, MF 27 0 1
50%
486 David Gil GK 5 0 0
50%
254 David López DF, MF 25 3 0
50%
497 Denis Suárez MF, FW 4 0 0
50%
498 Diadie Samassékou MF 4 0 0
50%
33 Diego López MF, FW 36 3 6
50%
566 Diego Méndez MF 1 0 0
50%
118 Diego Rico DF 32 0 7
50%
96 Dimitri Foulquier DF, MF 33 0 0
50%
159 Dion Lopy MF 30 0 0
50%
97 Djené DF, MF 33 0 0
50%
266 Djibril Sow MF 24 1 1
50%
278 Dodi Lukebakio MF, FW 23 5 1
50%
340 Domingos André Ribeiro Almeida MF, FW 18 2 1
50%
371 Domingos Duarte DF 15 0 0
50%
437 Éder Militão DF 10 0 0
50%
139 Édgar González DF, MF 31 2 0
50%
140 Eduardo Camavinga DF, MF 31 0 2
50%
71 Enzo Loiodice MF 34 0 1
50%
438 Eric Bailly DF 10 0 0
50%
119 Eric García DF, MF 32 5 0
50%
120 Étienne Capoue MF 32 1 1
50%
279 Ezequiel Ávila MF, FW 23 2 3
50%
478 Fabio González MF 6 0 0
50%
160 Fali DF, MF 30 0 0
50%
11 Federico Valverde MF, FW 37 2 7
50%
499 Fede San Emeterio MF 4 1 0
50%
280 Ferland Mendy DF 23 0 0
50%
141 Fermin López MF, FW 31 8 0
50%
180 Ferrán Torres MF, FW 29 7 2
50%
34 Filip Jørgensen GK 36 0 0
50%
12 Florian Lejeune DF, MF 37 3 1
50%
98 Fran Beltrán MF, FW 33 0 0
50%
121 Francisco Perez MF, FW 32 1 4
50%
347 Francis Coquelin DF, MF 17 0 0
50%
348 Franco Cervi DF, MF 17 0 1
50%
255 Fran Garcia DF 25 1 5
50%
501 Fran Vieites GK 4 0 0
50%
314 Frenkie de Jong DF, MF 20 2 0
50%
281 Gabriel Paulista DF 23 0 0
50%
569 Gabriel Veiga DF, MF 1 0 0
50%
72 Gastón Álvarez DF 34 2 0
50%
412 Gavi MF, FW 12 1 1
50%
161 Gerard Moreno MF, FW 30 10 6
50%
122 Germán Pezzella DF 32 1 0
50%
13 Giorgi Mamardashvili GK 37 0 0
50%
73 Giovanni González DF 34 1 1
50%
349 Gonçalo Guedes MF, FW 17 3 2
50%
256 Gonzalo Escalante MF 25 1 2
50%
533 Gonzalo García MF, FW 2 0 0
50%
50 Gonzalo Villar MF 35 1 3
50%
123 Gorka Guruzeta FW 32 14 5
50%
570 Gorka Rivera Alonso DF 1 0 0
50%
267 Guido Rodríguez MF 24 2 0
50%
142 Hamari Traoré DF 31 0 2
50%
282 Héctor Bellerín DF, MF 23 0 1
50%
467 Héctor Fort DF 7 0 2
50%
468 Houboulang Mendes DF 7 0 0
50%
413 Hugo Álvarez DF, MF 12 1 1
50%
14 Hugo Duro MF, FW 37 13 2
50%
446 Hugo González MF, FW 9 0 1
50%
240 Hugo Guillamón DF, MF 26 1 0
50%
350 Hugo Sotelo MF 17 0 1
50%
51 Iago Aspas MF, FW 35 9 10
50%
292 Ianis Hagi MF, FW 22 0 2
50%
447 Ibrahima Koné FW 9 0 0
50%
257 Iddrisu Baba DF, MF 25 0 0
50%
283 Iglesias DF, MF, FW 23 0 2
50%
74 Ignasi Miquel DF 34 1 1
50%
162 Igor Zubeldia DF, MF 30 0 2
50%
202 Iker Muñoz MF 28 4 0
50%
386 Ilaix Moriba MF, FW 14 0 2
50%
143 Ilias Akhomach MF, FW 31 2 2
50%
35 İlkay Gündoğan MF 36 5 9
50%
448 Imanol DF 9 0 0
50%
571 Iñaki González MF 1 0 0
50%
439 Iñaki Peña GK 10 0 0
50%
75 Iñaki Williams MF, FW 34 12 3
50%
225 Iñigo Lekue DF, MF, FW 27 0 2
50%
316 Iñigo Martínez DF 20 0 0
50%
181 Iñigo Ruiz de Galarreta MF 29 1 1
50%
52 Isaac Carcelen DF, MF 35 0 0
50%
15 Isaac Palazón Camacho MF, FW 37 4 1
50%
387 Isaac Romero FW 14 4 4
50%
182 Isco MF, FW 29 8 5
50%
99 Iván Balliu DF 33 0 1
50%
36 Iván Martín MF 36 5 4
50%
341 Ivan Rakitić MF 18 2 1
50%
414 Iván Villar GK 12 0 0
50%
53 Jaime Mata MF, FW 35 5 1
50%
515 Jastin García FW 3 0 0
50%
164 Jaume Costa DF 30 0 1
50%
535 Jaume Doménech GK 2 0 0
50%
37 Javier Guerra MF 36 4 1
50%
16 Javier Muñoz MF 37 2 3
50%
574 Javier Rueda Garcia DF, MF 1 0 0
50%
327 Javi Galán DF, FW 19 0 1
50%
165 Javi Hernández DF 30 1 2
50%
124 Javi López DF, MF 32 1 3
50%
76 Jeremías Ledesma GK 34 0 0
50%
575 Jeremy Jorge FW 1 0 0
50%
17 Jesús Areso DF 37 1 6
50%
183 Jesús Navas DF, FW 29 0 2
50%
502 Jesús Owono GK 4 0 0
50%
389 Jesús Santiago MF 14 1 0
50%
516 Jesús Vallejo DF 3 0 0
50%
317 Jesus Vazquez DF, MF 20 1 0
50%
342 Jhon Solis MF 18 0 0
50%
458 Joan Jordán MF 8 0 0
50%
125 João Cancelo DF, MF 32 2 4
50%
166 João Félix MF, FW 30 7 3
50%
167 Johan Mojica DF, MF 30 0 3
50%
351 Johnny Cardoso MF 17 1 2
50%
428 Jon Aramburu DF 11 0 0
50%
226 Jonathan Bamba MF, FW 27 3 2
50%
308 Jonathan Viera MF, FW 21 2 4
50%
576 Jon Martin DF 1 0 0
50%
100 Jon Moncayola DF, MF 33 1 3
50%
284 Jon Pacheco DF 23 1 1
50%
39 Jorge de Frutos MF, FW 36 2 0
50%
328 Jorge Herrando DF 19 0 1
50%
440 Jorge Meré DF 10 0 0
50%
577 Jorge Moreno DF 1 0 0
50%
18 Jørgen Strand Larsen FW 37 13 3
50%
405 Joseba Zaldúa DF 13 0 0
50%
77 Joselu FW 34 10 2
50%
19 José Luis García Vayá MF 37 7 1
50%
268 José Luis Gayà DF, MF 24 1 2
50%
517 José Mari MF 3 0 0
50%
293 José María Giménez DF 22 0 0
50%
488 Juan Cruz FW 5 0 0
50%
416 Juan Foyth DF, MF 12 1 1
50%
503 Juan Herzog DF 4 2 0
50%
243 Juanlu Sánchez DF 26 0 2
50%
361 Juanmi MF, FW 16 3 1
50%
126 Juanmi Latasa FW 32 2 0
50%
352 Juanpe DF 17 0 0
50%
203 Jude Bellingham MF 28 19 6
50%
504 Julen Agirrezabala GK 4 0 0
50%
54 Jules Koundé DF 35 1 2
50%
260 Julian Araujo DF 25 1 0
50%
461 Kaiky DF 8 1 0
50%
429 Kamil Jóźwiak MF 11 0 1
50%
449 Kamil Piątkowski DF 9 0 0
50%
390 Kepa Arrizabalaga GK 14 0 0
50%
417 Kevin Vázquez DF, MF 12 0 0
50%
318 Kieran Tierney DF, MF 20 0 2
50%
101 Kiké MF, FW 33 3 2
50%
362 Kike Barja MF, FW 16 0 0
50%
269 Kike Pérez MF, FW 24 1 0
50%
285 Kike Salas DF 23 3 0
50%
286 Kiko Femenía DF, FW 23 0 0
50%
20 Kirian Rodríguez MF 37 6 2
50%
55 Koke MF 35 0 4
50%
21 Lamine Yamal FW 37 5 5
50%
186 Largie Ramazani MF, FW 29 3 5
50%
391 Lázaro MF, FW 14 0 0
50%
204 Loïc Bade DF 28 0 1
50%
144 Luca de la Torre MF, FW 31 1 4
50%
145 Lucas Boyé FW 31 6 3
50%
56 Lucas Ocampos MF, FW 35 4 3
50%
102 Lucas Robertone MF 33 0 5
50%
187 Lucas Vázquez DF, MF, FW 29 3 6
50%
418 Lucien Agoume MF 12 0 0
50%
450 Luis Hernández DF 9 1 0
50%
373 Luis Javier Suárez MF, FW 15 6 0
50%
103 Luís Maximiano GK 33 0 0
50%
227 Luis Milla MF 27 0 1
50%
392 Luiz Henrique FW 14 0 3
50%
128 Luka Modrić MF 32 2 6
50%
406 Luka Romero MF, FW 13 3 0
50%
506 Mamadou Mbaye DF 4 0 0
50%
507 Manu Bueno MF 4 0 0
50%
57 Manu Morlanes MF 35 0 2
50%
244 Manu Sánchez DF, MF 26 0 5
50%
207 Marc-André ter Stegen GK 28 0 0
50%
469 Marcão DF 7 0 0
50%
518 Marc Bartra DF, MF 3 0 0
50%
245 Marc Cardona MF, FW 26 4 1
50%
520 Marc Martínez GK 3 0 0
50%
309 Marcos Acuña DF 21 1 2
50%
489 Marcos Alonso DF, MF 5 0 0
50%
23 Marcos Llorente DF, MF, FW 37 6 4
50%
470 Marcos Peña MF 7 0 0
50%
451 Mariano MF, FW 9 0 0
50%
521 Mario Dominguez FW 3 0 0
50%
146 Mario Hermoso DF 31 0 1
50%
541 Mario Martín MF 2 0 0
50%
407 Marko Dmitrović GK 13 0 0
50%
408 Martin Hongla DF, MF 13 0 0
50%
208 Martin Valjent DF 28 0 1
50%
147 Martín Zubimendi MF 31 4 1
50%
148 Marvin DF, MF, FW 31 0 2
50%
104 Mason Greenwood MF, FW 33 8 6
50%
394 Matias Arezo MF, FW 14 0 0
50%
247 Matija Nastasić DF 26 2 0
50%
471 Matteo Gabbia DF 7 0 0
50%
472 Mauro Arambarri MF 7 0 0
50%
149 Maxi Gómez FW 31 0 0
50%
188 Máximo Perrone MF 29 0 0
50%
288 Memphis MF, FW 23 5 1
50%
329 Miguel Ángel Rubio DF 19 1 0
50%
58 Miguel Gutiérrez DF 35 2 7
50%
374 Miguel Rodríguez DF, MF, FW 15 0 0
50%
419 Mihailo Ristić DF, MF 12 0 0
50%
40 Mika Màrmol DF 36 0 1
50%
473 Mikel Jauregizar MF 7 0 0
50%
129 Mikel Merino MF 32 5 3
50%
105 Mikel Oyarzabal MF, FW 33 9 3
50%
228 Mikel Vesga MF 27 3 1
50%
431 Mohamed Ali Cho MF, FW 11 0 0
50%
209 Moi Gómez MF, FW 28 3 0
50%
395 Mouctar Diakhaby DF 14 1 0
50%
3 Munir El Haddadi MF, FW 38 3 2
50%
78 Myrto Uzuni MF, FW 34 11 1
50%
330 Nabil Fekir MF, FW 19 1 2
50%
189 Nacho DF 29 0 1
50%
168 Nahuel Molina DF 30 2 3
50%
261 Nahuel Tenaglia DF 25 1 0
50%
294 Nemanja Gudelj DF, MF 22 1 1
50%
24 Nemanja Maksimović MF 37 4 0
50%
150 Nico Williams MF, FW 31 5 11
50%
169 Oihan Sancet MF, FW 30 4 5
50%
229 Óliver Torres MF, FW 27 0 1
50%
151 Omar Alderete DF 31 0 1
50%
190 Omar Mascarell DF, MF 29 0 0
50%
490 Omenuke Mfulu DF, MF, FW 5 0 0
50%
270 Ørjan Nyland GK 24 0 0
50%
211 Óscar de Marcos DF, FW 28 1 5
50%
4 Óscar Mingueza DF, MF 38 2 2
50%
152 Óscar Trejo MF, FW 31 0 0
50%
79 Óscar Valentín MF 34 1 0
50%
106 Pablo Ibáñez MF 33 1 2
50%
295 Pablo Maffeo DF 22 1 2
50%
249 Pablo Torre MF, FW 26 0 2
50%
153 Pathé Ciss DF, MF 31 1 0
50%
331 Pau Cubarsí DF 19 0 0
50%
5 Paulo Gazzaniga GK 38 0 0
50%
273 Pedri MF, FW 24 4 2
50%
353 Pejiño FW 17 2 0
50%
296 Pep Chavarría DF, MF, FW 22 1 1
50%
377 Peter González DF, MF, FW 15 0 0
50%
41 Portu DF, MF, FW 36 7 5
50%
42 Predrag Rajković GK 36 0 0
50%
297 Radamel Falcao FW 22 1 0
50%
107 Rafa Marín DF 33 0 0
50%
332 Ramón Terrats DF, MF 19 0 2
50%
363 Randy Nteka MF, FW 16 1 1
50%
212 Raphinha MF, FW 28 6 9
50%
59 Raúl FW 35 6 1
50%
250 Raúl Albiol DF 26 0 1
50%
262 Raúl de Tomás FW 25 1 2
50%
509 Raúl Fernández GK 4 0 0
50%
319 Raúl García MF, FW 20 1 0
50%
364 Reinildo Mandava DF, MF 16 2 1
50%
310 Renato Tapia DF, MF 21 0 0
50%
108 Ricard Sánchez DF 33 3 0
50%
60 Robert Lewandowski FW 35 19 8
50%
213 Roberto Navarro MF, FW 28 1 1
50%
191 Robin Le Normand DF 29 2 0
50%
192 Rodri MF, FW 29 0 0
50%
80 Rodrigo De Paul MF, FW 34 3 5
50%
81 Rodrigo Riquelme DF, MF, FW 34 3 5
50%
82 Rodrygo MF, FW 34 10 5
50%
289 Roger Martí FW 23 2 3
50%
263 Roman Yaremchuk FW 25 3 0
50%
264 Ronald Araújo DF 25 1 2
50%
43 Rubén Alcaraz MF 36 3 1
50%
214 Rubén Duarte DF 28 2 1
50%
170 Rubén García MF, FW 30 3 2
50%
193 Rubén Peña DF, MF, FW 29 0 2
50%
215 Rui Silva GK 28 0 0
50%
83 Samu Costa MF 34 1 1
50%
84 Samuel Lino DF, MF, FW 34 4 5
50%
61 Samu Omorodion FW 35 9 1
50%
230 Sandro Ramírez MF, FW 27 1 3
50%
589 Santiago García FW 1 0 0
50%
171 Saúl Coco DF 30 1 0
50%
85 Saúl Ñíguez DF, MF 34 1 4
50%
25 Sávio MF, FW 37 9 10
50%
320 Selim Amallah MF, FW 20 0 1
50%
397 Sergi Altimira MF 14 1 0
50%
232 Sergi Canós DF, MF, FW 27 1 2
50%
62 Sergi Cardona DF 35 1 2
50%
44 Sergi Darder MF 36 2 5
50%
333 Sergio Akieme DF 19 2 0
50%
86 Sergio Arribas MF, FW 34 9 4
50%
154 Sergio Camello FW 31 3 1
50%
131 Sergio Herrera GK 32 0 0
50%
398 Sergi Roberto DF, MF 14 3 2
50%
379 Sheraldo Becker MF, FW 15 2 2
50%
492 Shon Weissman DF, FW 5 0 0
50%
483 Siebe Van Der Heyden DF 6 0 0
50%
355 Sory Kaba MF, FW 17 1 1
50%
591 Srđan Babić DF 1 0 0
50%
433 Stefan Mitrović DF 11 1 0
50%
290 Stefan Savić DF, MF 23 0 0
50%
26 Stole Dimitrievski GK 37 0 0
50%
194 Suso MF, FW 29 1 4
50%
442 Tadeo Allende MF, FW 10 1 0
50%
172 Takefusa Kubo MF, FW 30 7 4
50%
462 Tanguy Nianzou DF, MF, FW 8 0 0
50%
452 Theo Corbeanu MF, FW 9 1 0
50%
510 Thibaut Courtois GK 4 0 0
50%
155 Thierry Correia DF 31 0 2
50%
593 Tomás Mendes MF 1 0 0
50%
109 Toni Kroos MF 33 1 8
50%
217 Toni Lato DF, MF 28 0 1
50%
547 Toni Villa MF, FW 2 0 0
50%
251 Umar Sadiq FW 26 3 1
50%
453 Unai García DF 9 1 0
50%
265 Unai Gómez MF 25 2 0
50%
64 Unai López MF 35 1 2
50%
87 Unai Núñez DF 34 1 0
50%
45 Unai Simón GK 36 0 0
50%
493 Urko González MF 5 0 0
50%
233 Valery Fernández DF, MF, FW 27 2 0
50%
195 Vedat Muriqi FW 29 7 2
50%
234 Vicente Guaita GK 27 0 0
50%
511 Víctor Díaz DF 4 0 0
50%
549 Victor Parada MF, FW 2 0 0
50%
252 Vinicius Júnior MF, FW 26 15 5
50%
399 Vitor Roque FW 14 2 0
50%
300 William Carvalho MF 22 1 3
50%
110 Willian José FW 33 10 5
50%
381 Williot Swedberg MF, FW 15 5 0
50%
88 Yan Couto DF, MF, FW 34 1 8
50%
196 Yangel Herrera DF, MF, FW 29 5 0
50%
526 Yannick Carrasco DF, MF, FW 3 0 1
50%
400 Yarek Gasiorowski DF 14 0 0
50%
334 Yeray Álvarez DF 19 0 0
50%
366 Yerson Mosquera DF 16 2 1
50%
598 Yoel Lago DF 1 0 0
50%
111 Youssef En-Nesyri FW 33 16 2
50%
420 Youssouf Sabaly DF 12 0 1
50%
235 Yuri Berchiche DF, FW 27 3 1
50%
550 Abdellah Raihani FW 1 0 0
0%
454 Adnan Januzaj MF, FW 8 0 0
0%
132 Adrià Pedrosa DF, MF 31 1 4
0%
551 Adri Bosch DF 1 0 0
0%
27 Adri Embarba MF, FW 36 3 2
0%
475 Aiham Ousou DF 6 0 0
0%
552 Aingeru Olabarrieta FW 1 0 0
0%
553 Alberto Dadie MF 1 0 0
0%
528 Alberto Perea MF, FW 2 0 0
0%
494 Alberto Risco MF 4 0 0
0%
554 Alberto Soro MF, FW 1 0 0
0%
302 Alejandro Pozo Pozo DF, MF 21 0 0
0%
476 Alejo Véliz FW 6 0 0
0%
444 Aleksandar Radovanović DF 9 0 0
0%
495 Álvaro Lemos DF, MF 4 0 0
0%
513 Ansu Fati MF, FW 3 0 0
0%
556 Antal Yaakobishvili DF 1 0 0
0%
220 Antonio Puertas MF, FW 27 0 2
0%
369 Aritz Elustondo DF 15 0 1
0%
423 Arnau Puigmal DF, MF, FW 11 0 0
0%
557 Asier Osambela MF 1 0 0
0%
337 Asier Villalibre FW 18 2 1
0%
529 Bernardo Espinosa DF 2 0 0
0%
559 Brau DF 1 0 0
0%
560 Cárdenas GK 1 0 0
0%
345 Carlos Dotor MF 17 0 0
0%
562 Cristian GK 1 0 0
0%
563 Daniel Fuzato GK 1 0 0
0%
564 Diego Iturralde DF 1 0 0
0%
565 Diego Mariño GK 1 0 0
0%
567 Dominik Greif GK 1 0 0
0%
568 Eneko Ortiz DF 1 0 0
0%
514 Enes Ünal FW 3 0 1
0%
531 Eric Curbelo DF, MF 2 0 0
0%
403 Érik Lamela MF, FW 13 2 0
0%
427 Fabrizio Angileri DF, MF 11 0 0
0%
372 Facundo Pellistri MF, FW 15 2 1
0%
479 Faitout Maouassa DF, MF, FW 6 0 1
0%
456 Famara Diedhiou MF, FW 8 0 1
0%
532 Federico Gattoni DF, FW 2 0 0
0%
457 Fernando DF, MF 8 0 0
0%
500 Fernando GK 4 0 0
0%
49 Gerard Gumbau MF 35 0 3
0%
385 Giuliano Simeone FW 14 1 2
0%
201 Gonzalo Melero MF, FW 28 1 1
0%
480 Hannibal Mejbri MF, FW 6 0 0
0%
534 Ibrahima Kebe MF 2 0 0
0%
315 Iker Muniain MF, FW 20 2 0
0%
572 Iñigo Arguibide DF 1 0 0
0%
163 Iván Alejo MF, FW 30 0 2
0%
573 Iván Cuéllar GK 1 0 0
0%
388 Jailson Siqueira DF, MF 14 0 1
0%
360 Javier Llabrés MF, FW 16 1 0
0%
415 Javier Manquillo DF 12 0 1
0%
536 Jesús Corona DF, FW 2 0 0
0%
459 Joaquín Panichelli MF, FW 8 0 0
0%
38 Jon Guridi MF 36 3 4
0%
537 Jon Karrikaburu MF, FW 2 0 0
0%
487 Jon Magunazelaia MF, FW 5 0 0
0%
404 Jordi DF, MF 13 0 0
0%
184 Jorge Cuenca DF 29 3 1
0%
241 José Arnaiz MF, FW 26 2 1
0%
258 José Callejón MF, FW 25 0 1
0%
460 José Campaña MF 8 0 0
0%
185 José Luis Morales MF, FW 29 7 0
0%
481 Joseph Aidoo DF 6 0 0
0%
538 José Pozo DF, MF, FW 2 0 0
0%
242 Juan Cruz Armada DF 26 0 1
0%
259 Juan Miranda DF 25 1 1
0%
578 Karl Etta FW 1 0 0
0%
127 Léo Baptistão MF, FW 32 6 0
0%
206 Lucas DF 28 1 0
0%
205 Lucas Torró MF 28 1 0
0%
22 Luis Rioja MF, FW 37 5 4
0%
505 Luiz Felipe DF 4 0 0
0%
539 Mamadou Sylla MF, FW 2 0 0
0%
393 Manu Trigueros MF, FW 14 0 0
0%
540 Marc Casado MF 2 0 0
0%
519 Marc Guiu MF, FW 3 1 0
0%
482 Marciano Tchami MF, FW 6 0 0
0%
287 Marc Pubill DF, MF 23 1 3
0%
246 Marc Roca MF 26 2 2
0%
430 Marko Milovanović MF, FW 11 1 0
0%
579 Max Svensson FW 1 0 0
0%
522 Miguel MF, FW 3 0 0
0%
580 Milutin Osmajić MF, FW 1 0 0
0%
581 Moussa Diakité MF 1 0 0
0%
542 Nabil Aberdin DF 2 0 0
0%
375 Nacho Vidal DF 15 1 0
0%
432 Nemanja Radonjić MF, FW 11 0 0
0%
508 Nicolás Paz MF, FW 4 0 0
0%
441 Njegoš Petrović MF, FW 10 0 0
0%
396 Olasagasti DF, MF 14 0 0
0%
210 Oriol Romeu MF 28 0 1
0%
248 Óscar Melendo MF, FW 26 0 0
0%
271 Óscar Rodríguez Arnaiz MF, FW 24 2 1
0%
272 Pablo Barrios MF 24 0 1
0%
543 Pablo Busto DF 2 0 0
0%
376 Pablo Fornals MF, FW 15 3 2
0%
491 Pablo Gozalbez MF, FW 5 0 0
0%
582 Pablo Saenz MF 1 0 0
0%
583 Paco Sanz DF 1 0 0
0%
584 Pascu DF, FW 1 0 0
0%
544 Paul Akouokou DF, MF 2 0 0
0%
545 Pepe Reina GK 2 0 0
0%
546 Peru Nolaskoain DF, MF 2 0 0
0%
585 Rachad Fettal FW 1 0 0
0%
378 Rafa Mir MF, FW 15 2 0
0%
354 Raúl Torrente DF 17 0 0
0%
523 Ricardo Visus DF 3 0 0
0%
365 Rominigue Kouamé MF 16 0 0
0%
586 Ruben Lendinez DF 1 0 0
0%
130 Rubén Sobrino MF, FW 32 0 1
0%
587 Salim El Jebari MF 1 0 0
0%
588 Salvi MF, FW 1 0 0
0%
231 Santi Comesaña MF 27 2 0
0%
298 Sergi Guardiola MF, FW 22 1 1
0%
524 Sergio Rodelas DF, FW 3 0 1
0%
63 Sergio Ruiz MF 35 0 4
0%
590 Silvi Clúa MF 1 0 0
0%
380 Sokratis Papastathopoulos DF 15 0 0
0%
592 Stefan Lekovic DF 1 0 0
0%
525 Thomas Lemar MF, FW 3 0 0
0%
548 Unai Marrero GK 2 0 0
0%
594 Unai Ropero MF 1 0 0
0%
299 Víctor Chust DF 22 0 1
0%
173 Viktor Tsyhankov MF, FW 30 8 7
0%
512 Wilson Manafá DF, MF 4 0 0
0%
595 Xabier Huarte Armendáriz MF 1 0 0
0%
443 Xeber MF, FW 10 0 0
0%
597 Yassine Bounou GK 1 0 0
0%
596 Yassin Tallal FW 1 0 0
0%
474 Yeremi Pino MF, FW 7 0 0
0%
No matching quizzes found
Score Distribution
Percent of People with Each Score
Percentile by Number Answered
Your Score History
You have not taken this quiz